<?xml version="1.0" encoding="UTF-8"?>
<marc:record xmlns:marc="http://www.loc.gov/MARC21/slim">
   <marc:leader>00000nam a2200000 a 4500</marc:leader>
   <marc:datafield ind1="1" ind2=" " tag="100">
      <marc:subfield code="a">Brandl-Bredenbeck, Hans Peter</marc:subfield>
      <marc:subfield code="4">edt</marc:subfield>
      <marc:subfield code="e">Bearbeiter/-in</marc:subfield>
   </marc:datafield>
   <marc:datafield ind1=" " ind2=" " tag="653">
      <marc:subfield code="a">Kindersport</marc:subfield>
   </marc:datafield>
   <marc:datafield ind1=" " ind2=" " tag="653">
      <marc:subfield code="a">Jugendsport</marc:subfield>
   </marc:datafield>
   <marc:datafield ind1=" " ind2=" " tag="653">
      <marc:subfield code="a">Bewegungserziehung</marc:subfield>
   </marc:datafield>
   <marc:datafield ind1=" " ind2=" " tag="653">
      <marc:subfield code="a">Sportunterricht</marc:subfield>
   </marc:datafield>
   <marc:datafield ind1=" " ind2=" " tag="653">
      <marc:subfield code="a">Sportpädagogik</marc:subfield>
   </marc:datafield>
   <marc:datafield ind1=" " ind2=" " tag="653">
      <marc:subfield code="a">Lexika</marc:subfield>
   </marc:datafield>
   <marc:datafield ind1=" " ind2=" " tag="653">
      <marc:subfield code="a">Handbücher</marc:subfield>
   </marc:datafield>
   <marc:datafield ind1=" " ind2=" " tag="653">
      <marc:subfield code="a">Jahrbücher</marc:subfield>
   </marc:datafield>
   <marc:datafield ind1=" " ind2=" " tag="653">
      <marc:subfield code="a">Geschichte</marc:subfield>
   </marc:datafield>
   <marc:datafield ind1=" " ind2=" " tag="653">
      <marc:subfield code="a">Aufsatzsammlung</marc:subfield>
   </marc:datafield>
   <marc:datafield ind1="0" ind2="0" tag="245">
      <marc:subfield code="a">Bewegung, Spiel und Sport in Kindheit und Jugend</marc:subfield>
   </marc:datafield>
   <marc:datafield ind1="0" ind2="0" tag="245">
      <marc:subfield code="b">eine europäische Perspektive</marc:subfield>
   </marc:datafield>
   <marc:datafield ind1="0" ind2="0" tag="245">
      <marc:subfield code="c">Hans Peter Brandl-Bredenbeck (Hrsg.)</marc:subfield>
   </marc:datafield>
   <marc:datafield ind1=" " ind2="1" tag="264">
      <marc:subfield code="a">Aachen</marc:subfield>
      <marc:subfield code="b">Meyer &amp; Meyer</marc:subfield>
      <marc:subfield code="c">2008</marc:subfield>
   </marc:datafield>
   <marc:datafield ind1="1" ind2=" " tag="520">
      <marc:subfield code="a">Angaben aus der Verlagsmeldung

Bewegung, Spiel und Sport in Kindheit und Jugend : Eine europäische Perspektive

Der vorliegende Sammelband nimmt aktuelle Aspekte von Bewegung, Spiel und Sport in Kindheit und Jugend in den Blick. Er tut dies, indem er in einer europäischen Perspektive Beiträge von nationalen als auch internationalen Kolleginnen und Kollegen zu relevanten Bereichen dieser Lebensabschnitte thematisch integriert. Diese Bereiche geben die inhaltliche Struktur des Buches vor und umfassen Aspekte des Schulsports, der Entwicklungsförderung durch Bewegung, Spiel und Sport im Kindes- und im Jugendalter, die Bedeutung des Leistungssports im Kindes- und Jugendalter. Zudem werden neue gesellschaftliche Herausforderungen an Bewegung, Spiel und Sport für die genannte Zielgruppe formuliert. Internationale Vergleiche zu ausgewählten Aspekten des Kinder- und Jugendsport runden das thematische Spektrum ab.
</marc:subfield>
   </marc:datafield>
   <marc:datafield ind1=" " ind2=" " tag="020">
      <marc:subfield code="a">9783898993128</marc:subfield>
      <marc:subfield code="9">9783898993128</marc:subfield>
   </marc:datafield>
   <marc:datafield ind1=" " ind2=" " tag="041">
      <marc:subfield code="a">ger</marc:subfield>
   </marc:datafield>
   <marc:datafield ind1=" " ind2=" " tag="300">
      <marc:subfield code="a">299 S.</marc:subfield>
   </marc:datafield>
</marc:record>
